On This Day: October 2nd II Quiz Stats

 Plays Quiz Updated Oct 2, 2018

Score 0/7 Timer 03:00
0 Plays Today
Question Answer Wrong Answers
A pioneer in the concept of open-air, cageless exhibits, the now world famous zoo in this California city opens.
1916
San Diego
91.9%
Los Angeles
4%
Fresno
1.8%
Oakland
2%
‘The Tale of Peter Rabbit’, by this English writer and illustrator, is published by Frederick Warne & Co. in London.
1902
Beatrix Potter
91.8%
Virginia Woolf
4.5%
Sylvia Plath
1.4%
Elizabeth Bowen
2.2%
This English singer-songwriter and bass player, a member of the British rock band The Police, is born.
1951
Sting
89.1%
Bryan Adams
3.1%
Bono
3%
Phil Collins
4.3%
This medical comedy-drama, starring Zach Braff as Dr. John 'J.D.' Dorian, premieres on NBC.
2001
Scrubs
83%
Grey's Anatomy
10.9%
Royal Pains
1.4%
St. Elsewhere
3.7%
After a record 67 seasons, Vin Scully broadcasts his last ______ game.
2016
Dodgers
62.8%
Yankees
26.2%
Tigers
3.8%
Giants
6.1%
This man TKOs Muhammad Ali in 11 rounds for the heavyweight boxing title, in a fight many felt should have been stopped earlier.
1980
Larry Holmes
53.2%
Mike Tyson
13.2%
Evander Holyfield
21.6%
Lennox Lewis
11.4%
This computer-animated adventure comedy, the first animated film by DreamWorks Pictures, is released.
1998
Antz
37.4%
A Bug's Life
58%
Bee Movie
2.6%
The Ant Bully
1.2%

You're not logged in!

Compare scores with friends on all Sporcle quizzes.
OR
Log In

Sporcle TV

Today on Sporcle TV


Watch our educational content, quiz creation guides, and fun videos on Sporcle TV.

Show Comments

Extras

Top Quizzes Today


Score Distribution

Your Account Isn't Verified!

In order to create a playlist on Sporcle, you need to verify the email address you used during registration. Go to your Sporcle Settings to finish the process.

Report this User

Report this user for behavior that violates our Community Guidelines.

Details: